Introduction to food process engineering

Gardado en:
Detalles Bibliográficos
Main Authors: Ibarz, Albert (Author), Barbosa-Cánovas, Gustavo V (Author)
Formato: Libro
Idioma:inglés
Publicado: Boca Ratón, FL, USA. CRC Press, 2014
Edición:1a. ed
Series:Food Preservation Technology Series
Subjects:
Tags: Engadir etiqueta
Sen Etiquetas, Sexa o primeiro en etiquetar este rexistro!

MARC

LEADER 00000cam a2200000 a 4500
001 UCC7375
003 CL-VaPUC
005 20211203145820.0
008 190322e20140000us |||||||||||||||||eng|d
999 |c 374039  |d 374037 
020 |a 9781439809181 
040 |c Pontificia Universidad Católica de Valparaíso 
082 0 4 |a 664.028 IBA 2014  |2 21 
100 |a Ibarz, Albert  |e author  |9 601975 
245 1 0 |a Introduction to food process engineering 
250 |a 1a. ed 
260 |a Boca Ratón, FL, USA.  |b CRC Press,  |c 2014 
300 |a 697 páginas 
490 0 |a Food Preservation Technology Series 
583 |a last modification  |c 20190322 14:57:00  |k Rodrigo Vera 
650 0 |a Tecnología de alimentos  |2 CL-VaPUC  |9 259595 
650 0 |a Preservación de alimentos  |2 CL-VaPUC  |9 406123 
650 0 |a Conservación de alimentos  |2 CL-VaPUC  |9 370644 
700 0 |a Barbosa-Cánovas, Gustavo V  |e author  |9 601976 
942 |c BK  |2 ddc 
945 |d 20190322 14:57:00  |a dcastane 
952 |0 0  |1 0  |2 ddc  |3 erd  |4 0  |6 664_028000000000000_IBA_2014  |7 0  |8 A  |9 492396  |a BIBAGR  |b BIBAGR  |i 5539277  |o 664.028 IBA 2014  |p 5539277  |r 2025-01-20  |w 2019-11-24  |y BK  |z Catalogado en:20190322  |k DCA